How to play with your children (and when not to) / (Record no. 5099)

MARC details
000 -LEADER
fixed length control field 00828cam a2200265 i 4500
001 - CONTROL NUMBER
control field 1722744
003 - CONTROL NUMBER IDENTIFIER
control field GBCCL
005 - DATE AND TIME OF LATEST TRANSACTION
control field 20241126110533.0
008 - FIXED-LENGTH DATA ELEMENTS--GENERAL INFORMATION
fixed length control field 741116s1974 nyua 001 0 eng
010 ## -
-- 73000339
040 ## - CATALOGING SOURCE
Original cataloging agency DLC
Transcribing agency DLC
Modifying agency DLC
050 00 -
-- HQ782
-- .S8
082 00 - DEWEY DECIMAL CLASSIFICATION NUMBER
Classification number 649.5
Item number SUT
100 2# - MAIN ENTRY--PERSONAL NAME
Personal name Sutton-Smith, Brian.
9 (RLIN) 9192
245 10 - TITLE STATEMENT
Title How to play with your children (and when not to) /
Statement of responsibility, etc. Brian and Shirley Sutton-Smith ; ill. by Daniel Gildesgame.
260 ## - PUBLICATION, DISTRIBUTION, ETC.
Place of publication, distribution, etc. New York :
Name of publisher, distributor, etc. Hawthorn Books,
Date of publication, distribution, etc. [1974]
300 ## - PHYSICAL DESCRIPTION
Extent x, 274 p. :
Other physical details ill. ;
Dimensions 22 cm.
500 ## - GENERAL NOTE
General note Includes index.
650 #0 - SUBJECT ADDED ENTRY--TOPICAL TERM
Topical term or geographic name entry element Play.
9 (RLIN) 9193
650 #0 - SUBJECT ADDED ENTRY--TOPICAL TERM
Topical term or geographic name entry element Parent and child.
9 (RLIN) 4268
650 #0 - SUBJECT ADDED ENTRY--TOPICAL TERM
Topical term or geographic name entry element Parenthood.
9 (RLIN) 9194
700 2# - ADDED ENTRY--PERSONAL NAME
Personal name Sutton-Smith, Shirley,
Relator term joint author.
9 (RLIN) 9195
906 ## - LOCAL DATA ELEMENT F, LDF (RLIN)
a 7
b cbc
c orignew
d 2
e ocip
f 19
g y-gencatlg
942 ## - ADDED ENTRY ELEMENTS (KOHA)
Source of classification or shelving scheme Dewey Decimal Classification
Koha item type Books
Holdings
Withdrawn status Lost status Source of classification or shelving scheme Damaged status Not for loan Home library Current Library Shelving location Date acquired Total checkouts Full call number Barcode Date last seen Copy number Price effective from Koha item type
    Dewey Decimal Classification     GRACE BIBLE COLLEGE GRACE BIBLE COLLEGE General Studies 2018-02-27   649.5 SUT 008978 2025-05-01 c.1 2018-02-27 Books
© Grace Bible College Library 2025